000 00497nam a2200169Ia 4500
008 230917s9999||||xx |||||||||||||| ||und||
020 _cGBP149
040 _e258941
_aMAIN
041 _aEnglish
082 _a579 P882A
100 _aPradeep Kumar, ed.
245 0 _aAdvances in microbial biotechnology: Current trends and future prospects
260 _aCanada
_bApple Academic Press
_c2019
300 _axvi, 573 p.
500 _a3701 07/11/2019 IBS19/169 11/11/2019 Main Budget
942 _cBK
999 _c33677
_d33677